=LDR 00000nam 2200000 4500 =001 000233 =005 20250711042432 =035 ##$$a 0010-0725000057 =245 1#$$a Matahari Mandi di Sungai /$c Na Khamheuang =100 #$$a Khamheuang, Na =250 ##$$a pertama =300 ##$$a 20hlm. : $b ilus. ; $c 22,9cm =856 ##$$a TBM AS-SYUHADA =700 #$$a Nivong Sengsakoun =260 ##$$a Jakarta Timur :$b Badan Pengembangan dan Pembinaan Bahasa,$c 2022 =082 ##$$a 398.209 598 =008 250711################a##########0#ind## =020 ##$$a 978-623-472-306-9 =650 #4$$a CERITA ANAK-INDONESIA =650 #4$$a LITERASI-BAHAN BACAAN =084 ##$$a 398.209 598 KHA m =990 ##$$a TBM202500043